000 00742nam a2200217 i 4500
001 101085
003 ES-MaACL
005 20240516063038.0
007 t|
008 051011s1908 fr ||||1| fre d
100 1 _aMaupassant, Guy de,
_d1850-1893
_979214
245 1 0 _aPierre et Jean /
_cGuy de Maupassant; dessins de Geo Dupuis; gravure sur bois de G. Lemoine.
260 _aParis :
_bSocieté d'éditions littéraires et artistiques,
_c1908.
300 _a297 p., 9 h. :
_bil. ;
_c18 cm.
490 1 _aOeuvres complètes illustrées
700 1 _aDupuis, Geo.
_946127
700 1 _aLemoine, G.
_971483
830 0 _aOeuvres complètes illustrées
_9184588
852 _aES-MaACL
_jG-13917
999 _c101085
_d101085